| 000 | 01521nam a2200193 4500 | ||
|---|---|---|---|
| 008 | 170322b xxu||||| |||| 00| 0 eng d | ||
| 082 |
_22015 _aAV-DVD 616.994 _bC215 |
||
| 245 |
_aCancer : the emperor of all maladies/ _cKen Burns presents ; a film by Barak Goodman ; a production of Florentine Films, Laura Ziskin Pictures and WETA Washington, D.C. in association with Ark Media ; written by Geoffrey Ward and Ken Burns, Barak Goodman & David Blistein |
||
| 300 |
_a3 videodiscs _bsound, color with black and white sequences ; _c4 3/4 in _gDVD; NTSC, Region 1; widescreen presentation; stereo |
||
| 306 | _aapproximately 6 hours., that is 5 hr., 44 min. | ||
| 505 | _aepisode 1. Magic bullets / directed by Jack Youngelson and Barak Goodman -- episode 2. The blind men and the elephant / directed by Deborah Dickson and Barak Goodman -- episode 3. Finding an Achilles heel / directed by Chris Durrance and Barak Goodman | ||
| 520 | _aPresents a history of cancer, from ancient times to the present day. Includes stories of contemporary patients and examines the latest scientific research which might indicate that we are on the brink of a lasting cure. | ||
| 650 | 0 |
_919472 _aMukherjee, Siddhartha -- Television adaptations |
|
| 650 | 0 |
_919473 _aCancer -- History |
|
| 650 | 0 |
_919474 _aLeukemia -- History |
|
| 700 |
_919475 _aGoodman, Barak _efilmmaker, television director, television producer, screenwriter |
||
| 700 |
_919477 _aBurns, Ken _d1953- _epresenter, screenwriter, television producer |
||
| 942 |
_2ddc _cAV-DVD |
||
| 999 |
_c6427 _d6427 |
||